000 00612nam a22002177a 4500
999 _c774
_d774
001 20073
003 BD-DhUAP
005 20200127162427.0
008 200127s2016 enk||||| |||| 001 0 eng d
020 _a9780198708766
040 _aBD-DhUAP
_bEng
_cBD-DhUAP
_dBD-DhUAP
082 _223
_a323 HUM
245 _aHuman rights :
_bpolitics and practice /
_cEdited by Michael Goodhart.
250 _a3rd ed.
260 _aOxford :
_bOxford university press,
_c2016.
300 _axxv, 499 pages ;
_c25 cm.
500 _aIncludes index.
650 _aHuman rights.
700 _aGoodhart, Michael.
942 _2ddc
_cBK